2018 MLB Playoff Lineups - Statistics

General Stats
  • This quiz has been taken 52 times
  • The average score is 64 of 128
Answer Stats
Hint Hint Answer % Correct
Boston Red Sox RF Mookie Betts
95%
New York Yankees RF Aaron Judge
89%
Houston Astros DH Jose Altuve
89%
Houston Astros SP Justin Verlander
89%
Houston Astros 3B Alex Bregman
84%
Chicago Cubs 1B Anthony Rizzo
84%
Boston Red Sox SP Chris Sale
84%
Los Angeles Dodgers SP Clayton Kershaw
84%
Houston Astros CF George Springer
84%
Chicago Cubs LF Kris Bryant
84%
Boston Red Sox 3B Rafael Devers
84%
Boston Red Sox LF Andrew Benintendi
79%
Houston Astros SS Carlos Correa
79%
Atlanta Braves 1B Freddie Freeman
79%
New York Yankees DH Giancarlo Stanton
79%
Chicago Cubs SS Javier Baez
79%
Boston Red Sox DH J.D. Martinez
79%
Los Angeles Dodgers 3B Justin Turner
79%
Boston Red Sox SS Xander Bogaerts
79%
Milwaukee Brewers RF Christian Yelich
74%
Los Angeles Dodgers CF Cody Bellinger
74%
Houston Astros SP Gerrit Cole
74%
Cleveland Indians 2B Jose Ramirez
74%
Oakland Athletics 1B Matt Olson
74%
Atlanta Braves LF Ronald Acuña Jr.
74%
Boston Red Sox MGR Alex Cora
68%
Atlanta Braves SP Anibal Sanchez
68%
Boston Red Sox SP Eduardo Rodriguez
68%
Cleveland Indians SS Francisco Lindor
68%
New York Yankees C Gary Sanchez
68%
Boston Red Sox CF Jackie Bradley Jr.
68%
Houston Astros C Martin Maldonado
68%
Los Angeles Dodgers 1B Max Muncy
68%
Colorado Rockies 3B Nolan Arenado
68%
Boston Red Sox 1B Steve Pearce
68%
Houston Astros 1B Yuli Gurriel
68%
Milwaukee Brewers SP Brandon Woodruff
63%
Colorado Rockies CF Charlie Blackmon
63%
Los Angeles Dodgers LF Chris Taylor
63%
Los Angeles Dodgers MGR Dave Roberts
63%
Boston Red Sox SP David Price
63%
Oakland Athletics 3B Matt Chapman
63%
Boston Red Sox SP Nathan Eovaldi
63%
Colorado Rockies SS Trevor Story
63%
Chicago Cubs C Willson Contreras
63%
Los Angeles Dodgers C Yasmani Grandal
63%
New York Yankees MGR Aaron Boone
58%
Houston Astros MGR A.J. Hinch
58%
Colorado Rockies MGR Bud Black
58%
Boston Red Sox C Christian Vazquez
58%
Cleveland Indians SP Corey Kluber
58%
New York Yankees 2B Gleyber Torres
58%
Cleveland Indians 3B Josh Donaldson
58%
Houston Astros RF Josh Reddick
58%
Oakland Athletics DH Khris Davis
58%
Cleveland Indians LF Michael Brantley
58%
Atlanta Braves 2B Ozzie Albies
58%
New York Yankees CF Brett Gardner
53%
New York Yankees SS Didi Gregorius
53%
Colorado Rockies 2B D.J. LeMahieu
53%
Milwaukee Brewers SP Gio Gonzalez
53%
New York Yankees SP J.A. Happ
53%
Chicago Cubs SP Jon Lester
53%
Los Angeles Dodgers 2B Kike Hernandez
53%
Milwaukee Brewers CF Lorenzo Cain
53%
New York Yankees SP Luis Severino
53%
Oakland Athletics SS Marcus Semien
53%
New York Yankees SP Masahiro Tanaka
53%
Los Angeles Dodgers RF Yasiel Puig
53%
Colorado Rockies RF Carlos Gonzalez
47%
Houston Astros SP Dallas Keuchel
47%
Cleveland Indians DH Edwin Encarnacion
47%
Chicago Cubs MGR Joe Maddon
47%
Colorado Rockies SP Kyle Freeland
47%
Los Angeles Dodgers SS Manny Machado
47%
Houston Astros 2B Marwin Gonzalez
47%
Boston Red Sox SP Rick Porcello
47%
Cleveland Indians MGR Terry Francona
47%
Houston Astros LF Tony Kemp
47%
Los Angeles Dodgers SP Walker Buehler
47%
Colorado Rockies SP German Marquez
42%
Los Angeles Dodgers SP Hyun Jin Ryu
42%
Boston Red Sox 2B Ian Kinsler
42%
Oakland Athletics 2B Jed Lowrie
42%
Atlanta Braves RF Nick Markakis
42%
Cleveland Indians SP Carlos Carrasco
37%
New York Yankees SP C.C. Sabathia
37%
Milwaukee Brewers MGR Craig Counsell
37%
Chicago Cubs 3B David Bote
37%
Milwaukee Brewers 1B Jesus Aguilar
37%
New York Yankees 3B Miguel Andujar
37%
Milwaukee Brewers 3B Mike Moustakas
37%
Milwaukee Brewers SS Orlando Arcia
37%
Milwaukee Brewers LF Ryan Braun
37%
Cleveland Indians C Yan Gomes
37%
Oakland Athletics MGR Bob Melvin
32%
Houston Astros SP Charlie Morton
32%
Chicago Cubs 2B Daniel Murphy
32%
Cleveland Indians CF Jason Kipnis
32%
Oakland Athletics C Jonathan Lucroy
32%
Atlanta Braves MGR Brian Snitker
26%
Colorado Rockies LF David Dahl
26%
Atlanta Braves CF Ender Inciarte
26%
New York Yankees 1B Luke Voit
26%
Cleveland Indians SP Mike Clevinger
26%
Oakland Athletics CF Ramon Laureano
26%
Oakland Athletics RF Stephen Piscotty
26%
Chicago Cubs RF Ben Zobrist
21%
Colorado Rockies C Chris Iannetta
21%
Atlanta Braves C Kurt Suzuki
21%
Los Angeles Dodgers SP Rich Hill
21%
Milwaukee Brewers 2B Travis Shaw
21%
Colorado Rockies SP Tyler Anderson
21%
Milwaukee Brewers SP Wade Miley
21%
Milwaukee Brewers SP Jhoulys Chacin
16%
Cleveland Indians RF Melky Cabrera
16%
Chicago Cubs CF Albert Almora
11%
New York Yankees LF Andrew McCutchen
11%
Colorado Rockies SP Antonio Senzatela
11%
Atlanta Braves SS Charlie Culberson
11%
Milwaukee Brewers C Erik Kratz
11%
Oakland Athletics SP Liam Hendriks
11%
Atlanta Braves SP Mike Foltynewicz
11%
Atlanta Braves SP Sean Newcomb
11%
Colorado Rockies 1B Ian Desmond
5%
Cleveland Indians 1B Yonder Alonso
5%
Atlanta Braves 3B Johan Camargo
0%
Oakland Athletics LF Nick Martini
0%
No matching quizzes found
Score Distribution
Percent of People with Each Score
Percentile by Number Answered
Your Score History
You have not taken this quiz